| 000 | 01858nam a2200385 a 4500 | ||
|---|---|---|---|
| 001 | ebr10518890 | ||
| 003 | CaPaEBR | ||
| 006 | m u | ||
| 007 | cr cn||||||||| | ||
| 008 | 100414s2011 nju sb 001 0 eng d | ||
| 010 | _z 2010013762 | ||
| 020 | _z9780813548920 (hardcover alk. paper) | ||
| 020 | _z9780813549378 (pbk. alk. paper) | ||
| 020 | _z9780813553481 (e-book) | ||
| 040 |
_aCaPaEBR _cCaPaEBR |
||
| 035 | _a(OCoLC)768082368 | ||
| 043 | _an-us-nj | ||
| 050 | 1 | 4 |
_aRA643.84.N49 _bC43 2011eb |
| 082 | 0 | 4 |
_a362.196/979200974932 _222 |
| 100 | 1 | _aChase, Sabrina Marie. | |
| 245 | 1 | 0 |
_aSurviving HIV/AIDS in the inner city _h[electronic resource] : _bhow resourceful Latinas beat the odds / _cSabrina Marie Chase. |
| 260 |
_aNew Brunswick, N.J. : _bRutgers University Press, _cc2011. |
||
| 300 | _axvi, 208 p. | ||
| 490 | 1 | _aStudies in medical anthropology | |
| 504 | _aIncludes bibliographical references and index. | ||
| 505 | 0 | _aTorn between structure and agency -- Resourceful women -- Unpacking Newark's epidemic -- Understanding HIV -- Managing social services -- Working the clinics -- Taking care of yourself -- Learning from resourceful women -- Epilogue : sorrows and joys. | |
| 533 |
_aElectronic reproduction. _bPalo Alto, Calif. : _cebrary, _d2013. _nAvailable via World Wide Web. _nAccess may be limited to ebrary affiliated libraries. |
||
| 650 | 0 |
_aHIV-positive women _zNew Jersey _zNewark _vCase studies. |
|
| 650 | 0 |
_aAIDS (Disease) in women _zNew Jersey _zNewark _vCase studies. |
|
| 650 | 0 |
_aPuerto Rican women _xDiseases _zNew Jersey _zNewark _vCase studies. |
|
| 655 | 7 |
_aElectronic books. _2local |
|
| 710 | 2 | _aebrary, Inc. | |
| 830 | 0 | _aStudies in medical anthropology. | |
| 856 | 4 | 0 |
_uhttp://site.ebrary.com/lib/rucke/Doc?id=10518890 _zAn electronic book accessible through the World Wide Web; click to view |
| 999 |
_c236503 _d236503 |
||